00776nam a2200217 i 450000100060000000300090000600500170001500700030003200800410003510000560007624500530013225000150018526000350020030000320023549000380026765000370030583000460034285200320038899900170042095201210043737705ES-MaACL20250804042109.0t|030221s1957 sp ||||1| spa d1 aCaballero Bonald, José Manuel,d1926-2021922662813aEl baile andaluz / cJosé M. Caballero Bonald. a[1ª ed.]. aBarcelona : bNoguer, c[1957] a64 p., 30 lám. ; c18 cm.1 aAndar y Ver. Aspectos de España 7aBaile flamenco2embne-DP91695940 aAndar y Ver. Aspectos de España9226633 aES-MaACLjC-12591 bR.40552 c37705d37705 00104070aATENEOMbATENEOMcSPALd2008-01-17eSCl0oC-12591p1039690r2023-02-23 00:00:00w2023-02-23yMONOGRAFIA